01134nam a2200193Ia 4500001001100000003001000011008004100021040002500062041001200087100001800099245006400117250001100181260006200192300001200254500026000266501011400526520026000640650004000900L475-25563IT-CnALBA170116s9999||||xx |||||||||||||| ||und|| aIT-CnALBAcIT-CnALBA aLATINO  aARROBBIO ELIO 0aFONS COMMUNIS. CORSO DI LINGUA LATINA. VOL. III: ESERCIZI.  a2a ed. aTORINObPETRINI G.B. CASA EDITRICE c1980 [1° Ed.: n.d.] a338 p.  aABLATIVO ASSOLUTO. COMPLEMENTI. CONSECUTIO TEMPORUM. GERUNDIO E GERUNDIVO. IMPERFETTO DI CONATO, DI CONSUETUDINE. CONIUGAZIONE PERIFRASTICA. STATO E AZIONE. SUPINO PASSIVO E ATTIVO. VITA QUOTIDIANA ROMANA. SPETTACOLI. ESERCITO. PESI E MISURE. LETTERATURA  aSocietà San Paolo EM - Piazza San Paolo, 14 - 12051 ALBA (CN) (non commercial uses only) ® Copyright 2017 aABLATIVO ASSOLUTO. COMPLEMENTI. CONSECUTIO TEMPORUM. GERUNDIO E GERUNDIVO. IMPERFETTO DI CONATO, DI CONSUETUDINE. CONIUGAZIONE PERIFRASTICA. STATO E AZIONE. SUPINO PASSIVO E ATTIVO. VITA QUOTIDIANA ROMANA. SPETTACOLI. ESERCITO. PESI E MISURE. LETTERATURA  aGRAMMATICA LATINA SINTASSI ESERCIZI